Vista normal
Vista MARC
- Países de la Unión Europea
Entrada Término geográfico
Número de registros utilizados en: 1
001 - NÚMERO DE CONTROL
- campo de control: 2322
003 - IDENTIFICADOR DEL NÚMERO DE CONTROL
- campo de control: ES-MaFIAP
005 - FECHA Y HORA DE LA ÚLTIMA TRANSACCIÓN
- campo de control: 20231220104331.0
008 - DATOS DE LONGITUD FIJA
- campo de control de longitud fija: 231220|| aca||aabn | a|a d
040 ## - FUENTE DE LA CATALOGACIÓN
- Centro catalogador/agencia de origen: ES-MaFIAP
- Centro/agencia transcriptor: ES-MaFIAP
151 ## - ENCABEZAMIENTO--NOMBRE GEOGRÁFICO
- Nombre geográfico: Países de la Unión Europea
- Subdivisión general: Política social
670 ## - FUENTE DE DATOS ENCONTRADOS
- Cita de la fuente: Work cat.: (ES-MaFIAP)906: Bernad García, Roberto aut XX5472582 2321, Guía de financiación europea : , D.L. 2014





